[Event "SuperChess Cup Blitz 2019"]
[Site "Bucharest"]
[Date "2019.11.10"]
[Round "16.1"]
[White "Gavrilescu, David"]
[Black "Miron, Lucian-Costin"]
[Result "1/2-1/2"]
[WhiteElo "2274"]
[BlackElo "2432"]
[Annotator "NA"]
[PlyCount "67"]
[EventDate "2019.11.06"]
[EventType "tourn"]
[EventCountry "ROU"]
[SourceTitle "playchess.com"]
[Source "ChessBase"]
[SourceQuality "1"]
[TimeMode "Bronstein"]
[TimeControl "300+3"]

1. e4 {[%emt 0:00:00]} e5 {[%emt 0:00:00]} 2. Nf3 {[%emt 0:00:00]} Nc6 {[%emt 0:00:00]} 3. d4 {[%emt 0:00:00]} exd4 {[%emt 0:00:00]} 4. Nxd4 {[%emt 0:00:00]} Nf6 {[%emt 0:00:00]} 5. Nxc6 {[%emt 0:00:00]} bxc6 {[%emt 0:00:00]} 6. Bd3 {[%emt 0:00:00]} d5 {[%emt 0:00:01]} 7. exd5 {[%emt 0:00:00]} cxd5 {[%emt 0:00:01]} 8. O-O {[%emt 0:00:00]} Be7 {[%emt 0:00:11]} 9. c4 {[%emt 0:00:00]} dxc4 {[%emt 0:00:30]} 10. Bxc4 {[%emt 0:00:00]} Qxd1 {[%emt 0:00:03]} 11. Rxd1 {[%emt 0:00:00]} O-O {[%emt 0:00:21]} 12. Nc3 {[%emt 0:00:00]} Bg4 {[%emt 0:00:07]} 13. f3 {[%emt 0:00:12]} Bc5+ {[%emt 0:00:32]} 14. Kf1 {[%emt 0:00:12]} Bf5 {[%emt 0:00:08]} 15. Bg5 {[%emt 0:00:18]} Bd6 {[%emt 0:00:31]} 16. Bxf6 {[%emt 0:00:30]} gxf6 {[%emt 0:00:03]} 17. h3 {[%emt 0:01:00]} Rab8 {[%emt 0:00:14]} 18. Bb3 {[%emt 0:00:29]} Be5 {[%emt 0:00:25]} 19. Rd2 {[%emt 0:00:03]} Bf4 {[%emt 0:00:16]} 20. Rdd1 {[%emt 0:00:25]} Be5 {[%emt 0:00:03]} 21. Kf2 {[%emt 0:00:12]} Be6 {[%emt 0:00:26]} 22. Nd5 {[%emt 0:00:31]} Bxd5 {[%emt 0:00:36]} 23. Rxd5 {[%emt 0:00:03]} Bxb2 {[%emt 0:00:03]} 24. Rad1 {[%emt 0:00:03]} Be5 {[%emt 0:00:04]} 25. g3 {[%emt 0:00:04]} Kg7 {[%emt 0:00:04]} 26. f4 {[%emt 0:00:03]} Bd6 {[%emt 0:00:03]} 27. Kf3 {[%emt 0:00:03]} Rfe8 {[%emt 0:00:03]} 28. Ra5 {[%emt 0:00:03]} Rb7 {[%emt 0:00:17]} 29. Rd3 {[%emt 0:00:18]} Re7 {[%emt 0:00:12]} 30. Re3 {[%emt 0:00:22]} Rxe3+ {[%emt 0:00:09]} 31. Kxe3 {[%emt 0:00:03]} Bb4 {[%emt 0:00:03]} 32. Rd5 {[%emt 0:00:09]} Bd6 {[%emt 0:00:05]} 33. Ra5 {[%emt 0:00:03]} Bb4 {[%emt 0:00:03]} 34. Rd5 {[%emt 0:00:03]} 1/2-1/2

[Event "SuperChess Cup Blitz 2019"]
[Site "Bucharest"]
[Date "2019.11.10"]
[Round "16.2"]
[White "Lupulescu, Constantin"]
[Black "David, Alexandru-Vasile"]
[Result "1/2-1/2"]
[WhiteElo "2525"]
[BlackElo "2361"]
[Annotator "TA"]
[PlyCount "63"]
[EventDate "2019.11.06"]
[EventType "tourn"]
[EventCountry "ROU"]
[SourceTitle "playchess.com"]
[Source "ChessBase"]
[SourceQuality "1"]

{[%evp 13,63,14,25,23,9,4,18,18,26,26,26,12,28,20,36,27,29,31,46,37,61,42,38,27,48,0,-2,-5,-8,-45,0,-39,26,-14,0,2,35,0,0,0,-3,0,39,33,26,0,2,2,4,-3,2,0]} 1. e4 c5 2. Nf3 Nc6 3. Bb5 g6 4. O-O Bg7 5. c3 Nf6 6. Re1 O-O 7. h3 Qb6 8. a4 {B31: Sicilian: 2...Nc6 3 Bb5 g6} d6 (8... a6 9. Bxc6 bxc6 10. e5 Nd5 11. a5 Qd8 12. d3 d6 13. Qa4 dxe5 14. Nxe5 Bxe5 15. Rxe5 Qd6 {1-0 (68) Firouzja,A (2702)-Dubov,D (2699) Khanty-Mansiysk 2019}) 9. d4 cxd4 10. cxd4 d5 $146 ({Predecessor:} 10... Bd7 11. Nc3 a6 12. Bf1 Rfd8 13. Rb1 Rac8 14. Be3 Qa5 15. Qd2 b5 16. axb5 axb5 17. Ra1 Qb4 18. Bxb5 Nxe4 19. Bxc6 Nxd2 {0-1 (19) Richard,E (2073)-Lam,S (2071) Chalons en Champagne 2011}) 11. e5 Ne4 12. Nc3 Nxc3 (12... Rd8 {is interesting.} 13. Be3 Bf5 14. Ne2 Rac8 15. Rc1 Nb4) 13. bxc3 Na5 14. Bg5 Qc7 15. Bd3 Re8 16. Rc1 Nc4 17. Qe2 Bd7 18. Ra1 Rac8 19. h4 Bg4 20. Rab1 b6 21. Bf4 Qc6 22. Ra1 a6 (22... Qe6 $15) 23. Reb1 f6 24. exf6 exf6 25. Qd1 Re6 26. Ra2 Rce8 27. Re2 Qd7 28. Rxe6 Qxe6 29. Bxc4 (29. Qf1 $5 {[%cal Rb1e1]}) 29... dxc4 {The position is equal.} 30. d5 Qe4 31. Bg3 Rd8 32. Rxb6 {Accuracy: White = 44%, Black = 44%.} 1/2-1/2

[Event "SuperChess Cup Blitz 2019"]
[Site "Bucharest"]
[Date "2019.11.10"]
[Round "16.3"]
[White "Parligras, Mircea-Emilian"]
[Black "Istratescu, Andrei"]
[Result "1/2-1/2"]
[WhiteElo "2458"]
[BlackElo "2604"]
[Annotator "TA"]
[PlyCount "24"]
[EventDate "2019.11.06"]
[EventType "tourn"]
[EventCountry "ROU"]
[SourceTitle "playchess.com"]
[Source "ChessBase"]
[SourceQuality "1"]

{[%evp 11,24,23,28,26,26,23,16,23,36,20,25,2,11,7,24]} 1. d4 Nf6 2. c4 e6 3. Nf3 Bb4+ 4. Bd2 Bxd2+ 5. Qxd2 d6 6. Nc3 O-O 7. e3 {E11: Bogo-Indian} Qe7 8. Be2 e5 9. Qc2 c6 10. O-O Bg4 11. dxe5 $146 ({Predecessor:} 11. Rae1 Nbd7 12. h3 Bh5 13. Nh4 Bxe2 14. Rxe2 g6 {½-½ (23) Villegas,P (2345)-Istratescu,A (2589) Brest 2018}) 11... dxe5 12. Rfd1 Nbd7 1/2-1/2

[Event "SuperChess Cup Blitz 2019"]
[Site "Bucharest"]
[Date "2019.11.10"]
[Round "16.4"]
[White "Peptan, Corina-Isabela"]
[Black "Cosma, Elena-Luminita"]
[Result "1/2-1/2"]
[WhiteElo "2334"]
[BlackElo "2199"]
[Annotator "TA"]
[PlyCount "29"]
[EventDate "2019.11.06"]
[EventType "tourn"]
[EventCountry "ROU"]
[SourceTitle "playchess.com"]
[Source "ChessBase"]
[SourceQuality "1"]

{[%evp 18,29,0,0,0,0,0,-12,-12,-8,-1,-18,-5,-28]} 1. d4 e6 2. c4 Nf6 3. Nf3 d5 4. Nc3 c5 5. e3 Nc6 6. dxc5 Bxc5 7. a3 a6 8. cxd5 exd5 9. Be2 O-O 10. O-O {The position is equal.} d4 {D32: Tarrasch Defence: Sidelines and lines without g3} (10... Bf5 11. b4 d4 12. exd4 Bxd4 13. Nxd4 Nxd4 14. Ra2 Nxe2+ 15. Rxe2 Qc7 16. Nd5 Nxd5 17. Qxd5 Be6 18. Qe5 Qxe5 19. Rxe5 Rac8 20. Be3 Rfd8 21. Rc5 Rxc5 22. Bxc5 b5 23. Ra1 Rd2 24. h3 h6 25. a4 {½-½ (25) Velten,P (2444)-Rausis,I (2632) Germany 2018}) 11. exd4 Nxd4 12. Nxd4 Bxd4 13. Bf3 Qb6 14. Na4 Qa7 $1 15. Bg5 $146 ({Predecessor:} 15. Qb3 Ng4 16. Bxg4 Bxg4 17. Qg3 Bd7 18. Nc3 {0-1 (48) Nie,X (2233)-Zhang,X (2329) Hangzhou 2018}) 1/2-1/2

[Event "SuperChess Cup Blitz 2019"]
[Site "Bucharest"]
[Date "2019.11.10"]
[Round "16.5"]
[White "Deac, Bogdan-Daniel"]
[Black "Georgescu, Tiberiu-Marian"]
[Result "1-0"]
[WhiteElo "2544"]
[BlackElo "2373"]
[Annotator "TA"]
[PlyCount "39"]
[EventDate "2019.11.06"]
[EventType "tourn"]
[EventCountry "ROU"]
[SourceTitle "playchess.com"]
[Source "ChessBase"]
[SourceQuality "1"]

{[%evp 9,48,14,20,14,17,12,22,22,23,9,20,16,17,10,9,5,12,16,15,22,38,47,137,152,132,137,443,430,613,604,554,385,470,472,460,461,461,460,441,457,29999]} 1. e4 e5 2. Nf3 Nc6 3. Bb5 Nf6 4. d3 Bc5 5. Bxc6 dxc6 6. O-O {C65: Ruy Lopez: Berlin Defence (3...Nf6), unusual lines and 4 0-0 Bc5} Qe7 7. Nbd2 Bg4 8. h3 {The position is equal.} Bh5 9. a3 a5 10. Nc4 Nd7 11. g4 Bg6 $1 12. b4 $36 {[%mdl 2048] Black is under pressure.} axb4 {White must now prevent ...0-0.} 13. Bg5 f6 14. axb4 Rxa1 15. Qxa1 {[#]} Bxb4 $146 (15... Bd6 $14) 16. Qa8+ $16 {[%mdl 64] Double Attack} Qd8 17. Qxb7 {[%mdl 64] Double Attack} Qb8 $2 {[%mdl 8192]} (17... Be7 $16) 18. Qxc6 $18 fxg5 (18... Bd6 $142 19. Nfxe5 fxe5 20. Nxe5 {[%mdl 64] Pin} O-O 21. Nxd7 Qa8) 19. Ncxe5 Qd8 {[#]} 20. Nxd7 {Played: Nf3xg5} 1-0

[Event "SuperChess Cup Blitz 2019"]
[Site "Bucharest"]
[Date "2019.11.10"]
[Round "17.1"]
[White "Deac, Bogdan-Daniel"]
[Black "Gavrilescu, David"]
[Result "1/2-1/2"]
[WhiteElo "2544"]
[BlackElo "2274"]
[Annotator "TA"]
[PlyCount "109"]
[EventDate "2019.11.06"]
[EventType "tourn"]
[EventCountry "ROU"]
[SourceTitle "playchess.com"]
[Source "ChessBase"]
[SourceQuality "1"]

{[%evp 12,109,20,23,41,32,29,-3,12,7,12,8,4,12,7,16,0,0,0,0,0,-19,62,49,60,50,50,59,102,72,131,142,127,131,122,47,42,0,6,0,-1,-32,-28,-21,-29,-25,-29,-28,-25,-33,0,-8,-8,-8,-6,-18,0,0,150,136,155,155,141,110,163,163,253,253,246,155,181,155,155,155,475,479,612,609,655,639,568,1462,679,8,8,8,8,0,8,8,8,0,0,0,5081,5073,5073,5073,5065,5065]} 1. d4 Nf6 2. c4 e6 3. Nf3 d5 4. Nc3 Bb4 5. cxd5 exd5 6. Bg5 h6 7. Bh4 O-O {D38: Queen's Gambit Declined: Ragozin Defence (4 Nf3 Bb4)} 8. e3 Bf5 9. Ne5 c5 {The position is equal.} 10. Bd3 cxd4 11. exd4 Bxd3 12. Qxd3 Nbd7 $146 {[%mdl 2048] Black is not holding back} ({Predecessor:} 12... Qd6 13. Bxf6 Qxf6 14. O-O Bxc3 15. Qxc3 {½-½ (36) Topalov,V (2740)-Carlsen,M (2845) Shamkir 2019}) 13. Nxd7 Qxd7 14. Bxf6 {Strongly threatening Be5.} Rae8+ 15. Kf1 gxf6 16. Ne2 Qe6 (16... Re7 $11) 17. h4 $14 Qe4 18. Rh3 Re7 19. Qxe4 dxe4 20. Ng3 Kh7 (20... e3 $142) 21. Nf5 $16 {Hoping for Rb3.} Rc7 22. a3 Ba5 23. Rg3 ({White should play} 23. h5 $16) 23... Rd8 $14 24. Rg7+ Kh8 25. Rg4 Rd5 26. Rf4 Bd2 27. Ne3 Rxd4 28. Rxf6 Bxe3 29. fxe3 $11 {[%mdl 4096] Endgame KRR-KRR} Rd2 30. Rf2 Rcc2 31. Rxd2 Rxd2 {KR-KR} 32. b4 $1 Kg7 33. a4 a6 34. Rc1 Kf6 (34... Rb2 $11) 35. Rc7 $16 b5 36. axb5 $1 axb5 37. Rc5 $1 Rb2 (37... Rd1+ $16 38. Kf2 Rd2+ 39. Kg3 Ke6) 38. Rxb5 $18 Ke6 {[#]} (38... Kg7 {might work better.} 39. g4 Kg6 40. h5+ Kf6 41. Rf5+ Ke6) 39. g4 $1 f6 40. h5 Kd6 41. Rf5 Ke6 42. b5 {[%cal Bb4b5,Bb5b6][%mdl 32]} Kf7 $2 (42... Rb3 $16 {is more resistant.}) 43. Rc5 Ke6 44. Rc6+ Ke5 45. b6 f5 46. gxf5 Kxf5 {[#]} 47. Rxh6 $2 ({White has to play} 47. Rg6 $1 $18 {Ke1 is the strong threat.} Rb3 48. Ke2 (48. Rxh6 Kg5 $16)) 47... Kg5 $11 48. Re6 {And now h6 would win.} Kxh5 49. Ke1 Kg5 50. Kd1 {Black should prevent Kc1.} Kf5 51. Rc6 Ke5 52. Kc1 Rb3 $2 {[%mdl 8192]} (52... Rb4 $11) 53. Kc2 $18 {White is clearly winning.} Rb5 54. Rh6 {Intending Rh5+ and mate.} Rc5+ 55. Kb3 {[%mdl 32768] Accuracy: White = 53%, Black = 44%. . An unexpected result.} 1/2-1/2

[Event "SuperChess Cup Blitz 2019"]
[Site "Bucharest"]
[Date "2019.11.10"]
[Round "17.2"]
[White "Georgescu, Tiberiu-Marian"]
[Black "Peptan, Corina-Isabela"]
[Result "1/2-1/2"]
[WhiteElo "2373"]
[BlackElo "2334"]
[Annotator "TA"]
[PlyCount "96"]
[EventDate "2019.11.06"]
[EventType "tourn"]
[EventCountry "ROU"]
[SourceTitle "playchess.com"]
[Source "ChessBase"]
[SourceQuality "1"]

{[%evp 10,96,0,0,-11,-21,39,43,36,39,52,28,71,37,121,97,132,60,69,20,18,10,33,22,18,0,0,-16,-8,-97,-70,-137,-110,-122,49,-67,0,-178,-175,-175,-165,-273,461,-290,-286,-416,-408,-466,-180,-492,-483,-562,-550,-1766,-530,-1275,-541,-876,-111,-143,0,-241,-189,-359,-186,-250,0,0,774,772,29983,418,418,421,391,0,675,-86,-84,-568,-567,-812,-295,-500,0,-772,0,-481,0]} 1. d4 Nf6 2. c4 e6 3. Nc3 Bb4 4. Qc2 O-O 5. e4 d6 6. e5 dxe5 {E32: Nimzo-Indian: Classical (4 Qc2): 4...0-0} 7. dxe5 Nfd7 (7... Ng4 $11) 8. Nf3 $14 Nc6 {White is slightly better.} 9. Bf4 (9. Ng5 g6 10. f4 Nc5 11. Be3 f6 12. exf6 Qxf6 13. O-O-O Bxc3 14. Qxc3 Qxc3+ 15. bxc3 {1-0 (25) Vallejo Pons,F (2695)-Predke,A (2622) St Petersburg 2018}) 9... Qe7 10. Bd3 $146 (10. a3 $5 {[%cal Ra3b4]} Bxc3+ 11. Qxc3 $14) ({Predecessor:} 10. Ng5 g6 11. a3 Nd4 12. Qd3 Bxc3+ 13. Qxc3 c5 14. Ne4 Qh4 15. g3 Qg4 16. Nd2 g5 17. h3 Qh5 18. g4 Qh6 19. Bg3 b5 20. b4 Bb7 {½-½ (20) Matos,V-Costa,P Portugal 1994}) 10... h6 11. O-O-O Bc5 (11... Bxc3 $14 12. Qxc3 (12. bxc3 Nc5 $15) 12... Qb4) 12. a3 $16 a5 13. Ne4 (13. Kb1 $16) 13... b6 $14 14. g4 ({Don't play} 14. Nxc5 Nxc5 15. Bh7+ Kh8 $15) 14... Nd4 15. Nxd4 $1 Bxd4 16. g5 Bxe5 17. Be3 {aiming for f4.} hxg5 18. Bxg5 f6 19. Bh4 (19. Be3 $11) 19... Bb7 20. Rhg1 (20. Kb1 $15) 20... Rad8 21. Kb1 Qf7 $2 ({Better is} 21... Bxh2 $17 22. Rg2 Bf4) 22. Ng3 ({White has to play} 22. Qe2 $1 $14) 22... Bxg3 (22... g5 $15 23. Ne4 Bxe4 24. Bxe4 Nc5) 23. Rxg3 $2 (23. Bh7+ $11 Kh8 24. Bg6 Bxh4 25. Bxf7 Rxf7 26. Qe2) 23... Ne5 $36 {[%mdl 2048] White is under strong pressure.} 24. Bh7+ Kh8 25. Rdg1 (25. Rxd8 {is the only way for White.} Rxd8 26. Be4 Bxe4 27. Qxe4) 25... Nf3 $4 {[%mdl 8192]} (25... g5 $19 26. Bxg5 Qxh7 27. Qxh7+ Kxh7 28. Rh3+ Kg7 29. Bh6+ Kf7 30. Bxf8 Be4+ {[%mdl 64] Zwischenzug} 31. Ka2 Rxf8) 26. Bg6 $4 {[%mdl 8192]} (26. Rxg7 $18 Nxh4 27. Rxf7 Rxf7 28. Be4 Bxe4 29. Qxe4 {[%mdl 64] Double Attack}) 26... Qd7 $19 27. Rxf3 (27. Qe2 $142 Qd2 28. Qxe6 Nxg1 29. Rxg1) 27... Bxf3 28. Qc3 Be2 $2 {[#]} (28... Qc6 29. Bg3 e5) 29. Qh3 $2 (29. Bxf6 $1 {[%mdl 512] nothing else works.} Bd3+ (29... Rxf6 30. Qh3+) 30. Bxd3 Rxf6 31. Bc2) 29... Bd3+ 30. Ka1 {White wants to mate with Bxf6+.} Bxg6 31. Rxg6 {And now Bxf6+ would win.} Kg8 (31... Qd1+ $142 32. Ka2 Rd3 33. Bg3+ Kg8 34. Qxe6+ Kh7 35. Rh6+ Kxh6) 32. Qg3 Rf7 (32... Qd1+ $142 33. Ka2 Rd3 34. Rxg7+ Kh8 35. Rg8+ Rxg8 36. Bxf6+ Kh7 37. Qh4+ Kg6) 33. Bxf6 {[#]} Rdf8 $2 (33... Rxf6 $1 $19 {[%mdl 512] has better winning chances.} 34. Rxf6 Qd1+ 35. Ka2 Rd3 36. Qxd3 Qxd3) 34. Bc3 Re7 ({Black should try} 34... Re8 $17 35. Ka2 a4) 35. h4 $2 (35. Bf6 $1 $11) 35... a4 36. Qg4 $2 (36. Ka2 {was forced.}) 36... Rf5 (36... Rxf2 $142 37. Rg5 Rff7) 37. h5 (37. f4 $142) 37... Kh7 $2 {[#]} (37... Rxf2 $19 38. h6 e5) 38. h6 $1 $11 {[%cal Rh6g7][%mdl 512]} gxh6 $2 {[%mdl 8192]} (38... e5 $11) 39. Rg8 $18 {[%csl Gc3][%cal Rg8h8]} Rg5 40. Rh8+ (40. Rxg5 $142 Rf7 41. Rg8 Qd1+ 42. Qxd1 Kxg8 43. Qd8+ Kh7 44. Qh8+ Kg6 45. Qg8+ Kf5 46. Qxf7+ {[%mdl 64] Double Attack} Kg4 47. Qxc7) 40... Kg6 41. Qe4+ Rf5 42. Rg8+ $2 (42. Qg2+ $18 Rg5 43. Qe4+ Rf5 44. Qg4+ Rg5 45. Rg8+ Rg7 46. Rxg7+ Qxg7 47. Qxe6+ Kh7 48. Bxg7 Rg1+ 49. Ka2 Rxg7 50. f4) 42... Kf7 $2 {[%mdl 8192]} (42... Kh7 $11 43. Rh8+ Kg6 44. Qg4+ Rg5 45. Rg8+ Rg7 46. Rxg7+ Qxg7 47. Qxe6+ Kh7 48. Bxg7 Rg1+ 49. Ka2 Rxg7) 43. Rg7+ $2 ({Only move:} 43. Qg4 $18 {[%csl Gc3,Gg8][%cal Rg4g7]} Qd1+ 44. Qxd1 Kxg8 45. Qxa4) 43... Kf8 $17 44. Rg6 $2 {[%mdl 8192]} (44. Qa8+ $17 Re8 45. Qh1 Qxg7 46. Bxg7+ Kxg7 47. Qg2+ Rg5 48. Qc6) 44... Qd1+ $19 45. Ka2 Qb3+ $2 (45... Rd7 {Hoping for ...Qb3+.} 46. Bb4+ c5) 46. Ka1 $2 (46. Kb1 Qd1+ 47. Ka2) 46... Qd1+ (46... Rd7 $142 47. Qa8+ Ke7 $1 {[%mdl 512]} 48. Rg7+ Rf7 49. Rxf7+ Kxf7 50. Qf3+ Ke8 51. Qh5+ Rf7) 47. Ka2 $1 Qb3+ 48. Ka1 {[#] Qa8+ is the strong threat.} Qd1+ $2 {Accuracy: White = 14%, Black = 20%.} ({Black should play} 48... Rd7 $1 $19 {[%cal Rd7d1]} 49. Qa8+ {[#]} Ke7 $1 {[%mdl 512]} 50. Rg7+ Rf7 51. Rxf7+ Kxf7 52. Qf3+ Ke8 53. Qh5+ Rf7) 1/2-1/2

[Event "SuperChess Cup Blitz 2019"]
[Site "Bucharest"]
[Date "2019.11.10"]
[Round "17.3"]
[White "Cosma, Elena-Luminita"]
[Black "Parligras, Mircea-Emilian"]
[Result "0-1"]
[WhiteElo "2199"]
[BlackElo "2458"]
[Annotator "RC"]
[PlyCount "114"]
[EventDate "2019.11.06"]
[EventType "tourn"]
[EventCountry "ROU"]
[SourceTitle "playchess.com"]
[Source "ChessBase"]
[SourceQuality "1"]
[TimeMode "Bronstein"]
[TimeControl "300+3"]

1. d4 {[%emt 0:00:00]} Nf6 {[%emt 0:00:00]} 2. Nf3 {[%emt 0:00:00]} d5 {[%emt 0:00:00]} 3. c4 {[%emt 0:00:00]} e6 {[%emt 0:00:00]} 4. g3 {[%emt 0:00:00]} Bb4+ {[%emt 0:00:00]} 5. Bd2 {[%emt 0:00:00]} Bd6 {[%emt 0:00:00]} 6. Bg2 {[%emt 0:00:00]} c6 {[%emt 0:00:00]} 7. Qc2 {[%emt 0:00:00]} Nbd7 {[%emt 0:00:00]} 8. O-O {[%emt 0:00:00]} O-O {[%emt 0:00:00]} 9. Bg5 {[%emt 0:00:00]} h6 {[%emt 0:00:00]} 10. Bxf6 {[%emt 0:00:00]} Nxf6 {[%emt 0:00:00]} 11. Nbd2 {[%emt 0:00:00]} b6 {[%emt 0:00:00]} 12. e4 {[%emt 0:00:00]} Be7 {[%emt 0:00:00]} 13. e5 {[%emt 0:00:00]} Nd7 {[%emt 0:00:00]} 14. cxd5 {[%emt 0:00:00]} cxd5 {[%emt 0:00:00]} 15. Rfc1 {[%emt 0:00:00]} Nb8 {[%emt 0:00:04]} 16. Bf1 {[%emt 0:00:00]} Bd7 {[%emt 0:00:03]} 17. a3 {[%emt 0:00:00]} a5 {[%emt 0:00:07]} 18. Nb1 {[%emt 0:00:13]} b5 {[%emt 0:00:20]} 19. Nc3 {[%emt 0:00:04]} b4 {[%emt 0:00:05]} 20. axb4 {[%emt 0:00:14]} Bxb4 {[%emt 0:00:03]} 21. Na4 {[%emt 0:00:13]} Na6 {[%emt 0:00:28]} 22. Qb3 {[%emt 0:00:22]} Qb8 {[%emt 0:00:13]} 23. Bd3 {[%emt 0:00:51]} Bb5 {[%emt 0:00:10]} 24. Bxb5 {[%emt 0:00:24]} Qxb5 {[%emt 0:00:03]} 25. Rc2 {[%emt 0:00:03]} Rfc8 {[%emt 0:00:20]} 26. Rac1 {[%emt 0:00:03]} Qb7 {[%emt 0:00:30]} 27. Kg2 {[%emt 0:00:09]} Rab8 {[%emt 0:00:07]} 28. h4 {[%emt 0:00:15]} Rxc2 {[%emt 0:00:11]} 29. Qxc2 {[%emt 0:00:03]} Bf8 {[%emt 0:00:16]} 30. Qc6 {[%emt 0:00:10]} Qxc6 {[%emt 0:00:11]} 31. Rxc6 {[%emt 0:00:03]} Nb4 {[%emt 0:00:03]} 32. Rc3 {[%emt 0:00:15]} g6 {[%emt 0:00:18]} 33. Nc5 {[%emt 0:00:35]} Rc8 {[%emt 0:00:12]} 34. Na4 {[%emt 0:00:03]} Rxc3 {[%emt 0:00:15]} 35. bxc3 {[%emt 0:00:03]} Nc2 {[%emt 0:00:13]} 36. Nd2 {[%emt 0:00:03]} Na3 {[%emt 0:00:25]} 37. Kf1 {[%emt 0:00:22]} Be7 {[%emt 0:00:03]} 38. Ke2 {[%emt 0:00:03]} Kf8 {[%emt 0:00:03]} 39. Kd3 {[%emt 0:00:03]} Ke8 {[%emt 0:00:03]} 40. Nb6 {[%emt 0:00:37]} Bd8 {[%emt 0:00:17]} 41. Na4 {[%emt 0:00:14]} Kd7 {[%emt 0:00:03]} 42. c4 {[%emt 0:00:06]} dxc4+ {[%emt 0:00:29]} 43. Nxc4 {[%emt 0:00:03]} Nxc4 {[%emt 0:00:03]} 44. Kxc4 {[%emt 0:00:03]} Kc6 {[%emt 0:00:03]} 45. h5 {[%emt 0:00:25]} gxh5 {[%emt 0:00:03]} 46. Nc3 {[%emt 0:00:10]} h4 {[%emt 0:00:03]} 47. gxh4 {[%emt 0:00:05]} Bxh4 {[%emt 0:00:03]} 48. Ne4 {[%emt 0:00:03]} Be7 {[%emt 0:00:08]} 49. Nc3 {[%emt 0:00:06]} h5 {[%emt 0:00:06]} 50. d5+ {[%emt 0:00:03]} exd5+ {[%emt 0:00:03]} 51. Nxd5 {[%emt 0:00:03]} Bd8 {[%emt 0:00:03]} 52. Nf4 {[%emt 0:00:03]} h4 {[%emt 0:00:03]} 53. e6 {[%emt 0:00:03]} fxe6 {[%emt 0:00:06]} 54. Nxe6 {[%emt 0:00:03]} h3 {[%emt 0:00:06]} 55. Nxd8+ {[%emt 0:00:06]} Kd7 {[%emt 0:00:09]} 56. Nf7 {[%emt 0:00:03]} h2 {[%emt 0:00:03]} 57. Ne5+ {[%emt 0:00:03]} Ke6 {[%emt 0:00:03]} 0-1

[Event "SuperChess Cup Blitz 2019"]
[Site "Bucharest"]
[Date "2019.11.10"]
[Round "17.4"]
[White "Istratescu, Andrei"]
[Black "Lupulescu, Constantin"]
[Result "1/2-1/2"]
[WhiteElo "2604"]
[BlackElo "2525"]
[Annotator "TA"]
[PlyCount "96"]
[EventDate "2019.11.06"]
[EventType "tourn"]
[EventCountry "ROU"]
[SourceTitle "playchess.com"]
[Source "ChessBase"]
[SourceQuality "1"]

{[%evp 13,96,8,0,0,15,0,0,0,0,0,24,0,28,30,22,29,27,29,33,33,45,0,0,0,18,19,38,14,16,12,41,31,47,47,47,47,47,47,48,48,42,0,48,47,54,50,52,27,48,41,55,48,89,48,55,48,74,48,93,48,55,48,48,48,52,0,0,0,0,0,0,0,0,0,0,0,0,0,27,0,0,0,0,0,0]} 1. e4 c5 2. Nf3 Nc6 3. Bb5 g6 4. O-O Bg7 5. c3 Nf6 6. Re1 O-O 7. h3 Qb6 8. Na3 {B31: Sicilian: 2...Nc6 3 Bb5 g6} (8. a4 a6 9. Bxc6 bxc6 10. e5 Nd5 11. a5 Qd8 12. d3 d6 13. Qa4 dxe5 14. Nxe5 Bxe5 15. Rxe5 Qd6 {1-0 (68) Firouzja,A (2702)-Dubov,D (2699) Khanty-Mansiysk 2019}) 8... Rd8 9. d3 d6 10. Ba4 a6 11. Bc2 $146 ({Predecessor:} 11. Bg5 Be6 12. Qe2 Rac8 13. Be3 Qc7 14. Ng5 Bd7 15. Bb3 e6 {1-0 (62) Pranav,V (2308)-Krishnan,R (1718) Ahmedabad 2019}) 11... e5 12. Bg5 h6 ({Not} 12... Qxb2 $2 13. Nc4 $18) 13. Bxf6 Bxf6 14. Nc4 Qc7 15. Ne3 {[#] Hoping for Nd5.} Ne7 16. Bb3 h5 17. Nd5 Nxd5 18. Bxd5 Kg7 19. a4 {[%cal Ba2a4,Ba4a5][%mdl 32]} Be6 20. Qb3 Bxd5 21. Qxd5 Qc6 (21... Rac8 {is interesting.} 22. a5 c4 23. Re3 cxd3 24. Rxd3 Qc4) 22. a5 Qxd5 23. exd5 Rd7 24. Nd2 Rf8 25. Nc4 Bd8 26. Rad1 f5 27. f3 h4 (27... Bh4 $5 {[%cal Rh4e1]}) 28. Kf2 Bf6 29. Ke2 Rfd8 30. Kf1 Rc7 31. Rb1 Rdd7 32. Re2 Kf8 33. Ke1 Kg7 34. Kd2 Kf7 35. Kc2 Kf8 36. Kb3 Kf7 37. Ka4 Kg7 38. Rbe1 Kf7 39. f4 (39. Nb6 $14) 39... exf4 $11 40. Re6 Be7 41. Kb3 Rd8 42. Kc2 Bf8 43. Kd2 g5 44. Ke2 Re7 45. Kf2 Rxe6 46. Rxe6 Rd7 {The position is equal.} 47. Kf3 Rd8 48. Kf2 Rd7 {Accuracy: White = 56%, Black = 40%.} 1/2-1/2